| 000 | 00388cam a2200157 a 4500 | ||
|---|---|---|---|
| 020 | _a0070612188 | ||
| 040 | _cDLC | ||
| 082 | 0 | 0 | _a305 HIL 1993 A016 Or. |
| 100 | 1 | _aSteinberg, Laurence D., | |
| 245 | 1 | 0 | _aAdolescence / |
| 250 | _a3rd ed. | ||
| 260 |
_aNew York : _bMcGraw-Hill, _cc1993. |
||
| 300 |
_axviii, 522 p. : _bill. ; _c24 cm. |
||
| 650 | 0 | _aAdolescent psychology | |
| 942 | _cEK | ||
| 999 |
_c11778 _d11778 |
||